Online
Catalog

Dante / (Record no. 40457)

MARC details
000 -CABECERA
campo de control de longitud fija 00931nam a2200265 a 4500
001 - NÚMERO DE CONTROL
campo de control 000040967
005 - FECHA Y HORA DE LA ÚLTIMA TRANSACCIÓN
campo de control 20201002034520.0
008 - DATOS DE LONGITUD FIJA--INFORMACIÓN GENERAL
campo de control de longitud fija 130902s1984 sp ac 000 0bspa d
020 ## - NÚMERO INTERNACIONAL ESTÁNDAR DEL LIBRO
Número Internacional Estándar del Libro 8434581604
040 ## - FUENTE DE LA CATALOGACIÓN
Centro catalogador/agencia de origen DO-SdBNP
Lengua de catalogación spa
Centro/agencia transcriptor BNPHU
082 ## - NÚMERO DE LA CLASIFICACIÓN DECIMAL DEWEY
Número de clasificación 851
Número de documento/Ítem D192L
100 1# - ENTRADA PRINCIPAL--NOMBRE DE PERSONA
Nombre de persona Leonhard, Kurt
9 (RLIN) 67397
240 10 - TÍTULO UNIFORME
Título uniforme Dante,
Lenguaje de la obra spa
245 10 - MENCIÓN DE TÍTULO
Título Dante /
Mención de responsabilidad, etc. Kurt Leonhard; prólogo, Ángel Crespo; traducción, Rosa Pilar Blanco.
260 ## - PUBLICACIÓN, DISTRIBUCIÓN, ETC.
Lugar de publicación, distribución, etc. Barcelona :
Nombre del editor, distribuidor, etc. Salvat,
Fecha de publicación, distribución, etc. 1984.
300 ## - DESCRIPCIÓN FÍSICA
Extensión 213 p. :
Otras características físicas il., retrs. ;
Dimensiones 20 cm.
490 1# - MENCIÓN DE SERIE
Mención de serie Biblioteca Salvat de grandes biografías
Designación de volumen o secuencia 15
504 ## - NOTA DE BIBLIOGRAFÍA, ETC.
Nota de bibliografía, etc. Bibliografía p: 213
600 14 - PUNTO DE ACCESO ADICIONAL DE MATERIA--NOMBRE DE PERSONA
Nombre de persona DANTE ALIGHIERI
Fechas asociadas al nombre 1265-1321
9 (RLIN) 4992
650 #4 - PUNTO DE ACCESO ADICIONAL DE MATERIA--TÉRMINO DE MATERIA
Término de materia o nombre geográfico como elemento de entrada Escritores italianos
Subdivisión de forma BIOGRAFÍAS
9 (RLIN) 67398
700 12 - PUNTO DE ACCESO ADICIONAL--NOMBRE DE PERSONA
Nombre de persona Crespo, Ángel
Fechas asociadas al nombre 1926-1995
Término indicativo de función/relación prol.
9 (RLIN) 67399
700 12 - PUNTO DE ACCESO ADICIONAL--NOMBRE DE PERSONA
Nombre de persona Pilar Blanco, Rosa
Término indicativo de función/relación trad.
9 (RLIN) 50113
830 #0 - PUNTO DE ACCESO ADICIONAL DE SERIE-TÍTULO UNIFORME
Título uniforme Biblioteca Salvat de grandes biografías
Designación de volumen o secuencia 15
9 (RLIN) 42025
910 ## - DATOS DE OPCIÓN DEL USUARIO (OCLC)
Datos de opción del usuario Validado. Control de calidad MFF
Holdings
Estado de retiro Estado de pérdida Restricciones de uso No para préstamo Código de colección Localización permanente Ubicación/localización actual Ubicación en estantería Fecha de adquisición Número de inventario Total de préstamos Signatura topográfica completa Código de barras Fecha visto por última vez Precio válido a partir de Tipo de ítem Koha
      Excluido de préstamo Monografías: Libros y Folletos General General Depósito 12.09.2013 LF1   851 D192L 40967-10 25.06.2020 25.06.2020 No se presta

Powered by Koha